les meilleurs matchs au scoring en NBA - Statistiques

Statistiques générales
  • Ce quiz a été pris 434 fois
    27 depuis la dernière actualisation
  • Le résultat moyen est 17 sur 39
Statistiques - réponses
nbre de matchs joueur meilleur % Correct
6 Kobe Bryant 81
96%
1 LeBron James 61
91%
2 Stephen Curry 62
91%
32 Wilt Chamberlain 100
91%
2 Luka Doncic 73
83%
4 Michael Jordan 69
78%
2 Devin Booker 70
70%
1 Larry Bird 60
65%
4 James Harden 61
61%
1 Jerry West 63
61%
1 Joel Embiid 70
61%
1 Shaquille O'Neal 61
61%
1 David Robinson 71
52%
1 David Thompson 73
52%
1 Klay Thompson 60
52%
1 Kyrie Irving 60
52%
5 Damian Lillard 71
48%
1 Allen Iverson 60
43%
1 Donovan Mitchell 71
43%
1 Karl Malone 61
43%
1 Carmelo Anthony 62
39%
1 Giannis Antetokounmpo 64
39%
1 Jayson Tatum 60
39%
3 Elgin Baylor 71
30%
1 George Gervin 63
26%
2 Karl-Anthony Towns 62
26%
1 Kemba Walker 60
26%
1 George Mikan 61
22%
1 Jalen Brunson 61
22%
1 Tracy McGrady 62
22%
1 Bernard King 60
13%
1 Bradley Beal 60
13%
1 Pete Maravich 68
13%
1 Gilbert Arenas 60
9%
1 Rick Barry 64
9%
1 De'Aaron Fox 60
4%
1 Joe Fulks 63
4%
1 Tom Chambers 60
4%
1 Nikola Jokic 61
0%
Aucun quiz correspondant
Distribution des résultats
% des personnes avec chaque résultat
Percentile par nombre de réponses
Votre historique - résultats
Vous n’avez pas pris ce quiz depuis la dernière actualisation